00480nam a22001697a 450000500170000001000150001702000260003203500140005803700130007208200120008510000240009724500820012126000270020327000400023030000210027050000190029120201116162151.0 aENG-126982 a9788171921744c900.00 aEN-110514 bDBAD/PUB a616.852 aNagpurkar, Jyoti J. aDepression in women :ba psycho- social perspective /cby Jyoti J. Nagpurkar  aNagpurbDattsonsc2019 aJ.Nehru Marg, SadarbNagpure440001 a175p..c21cm(Hb) aIncludes index